Normal view MARC view
  • Coolahan, Marie-Louise

Entry Personal Name

Number of records used in: 0

001 - CONTROL NUMBER

  • control field: 269990

003 - CONTROL NUMBER IDENTIFIER

  • control field: KE-NaSUL

005 - DATE AND TIME OF LATEST TRANSACTION

  • control field: 20250827090353.0

008 - FIXED-LENGTH DATA ELEMENTS

  • fixed length control field: 250827|| aca||aabn | a|a d

040 ## - CATALOGING SOURCE

  • Original cataloging agency: KE-NaSUL
  • Transcribing agency: KE-NaSUL

100 ## - HEADING--PERSONAL NAME

  • Personal name: Coolahan, Marie-Louise

670 ## - SOURCE DATA FOUND

  • Source citation: Work cat.: (KE-NaSUL)255932: Coolahan, Marie-Louise., Women, writing, and language in early modern Ireland, 2010.

© Strathmore University Library
Madaraka Estate, Ole Sangale Road | P. O. Box 59857 - 00200 City Square, Nairobi, Kenya
(+254) (0)703 034 000/200/300 | (+254) (0)20-607498